00347nam a2200133Ia 4500008004100000020001500041041001200056082001600068100001800084245006300102260002500165300000800190650001500198221030s9999 xx 000 0 und d a0074603698 aEnglish a105.23bSub aK. Subramanya 0aTheory & Applicaitons of Fluid Mechanciscby K. Subramanya bTMHaNew Delhic2001 a752 aMechanical